Gossip, (Record no. 18109)

MARC details
000 -LEADER
fixed length control field 00610cam a22002171 4500
001 - CONTROL NUMBER
control field ca 36000617
003 - CONTROL NUMBER IDENTIFIER
control field DLC
005 - DATE AND TIME OF LATEST TRANSACTION
control field 20260227111141.0
008 - FIXED-LENGTH DATA ELEMENTS--GENERAL INFORMATION
fixed length control field 890517s1935 mau 000 0 eng
010 ## - LIBRARY OF CONGRESS CONTROL NUMBER
LC control number ca 36000617
035 ## - SYSTEM CONTROL NUMBER
System control number (OCoLC)19717736
040 ## - CATALOGING SOURCE
Original cataloging agency DLC
Transcribing agency RPB
Modifying agency RPB
-- DLC
042 ## - AUTHENTICATION CODE
Authentication code premarc
050 00 - LIBRARY OF CONGRESS CALL NUMBER
Classification number PN6120.Z9
Item number K22
082 ## - DEWEY DECIMAL CLASSIFICATION NUMBER
Classification number 812.5
100 1# - MAIN ENTRY--PERSONAL NAME
Personal name Kaser, Arthur LeRoy,
Dates associated with a name 1890-1956.
245 10 - TITLE STATEMENT
Title Gossip,
Remainder of title an entertainment for eight women,
Statement of responsibility, etc. by Jane Wheeler [pseud.]
260 ## - PUBLICATION, DISTRIBUTION, ETC.
Place of publication, distribution, etc. Boston,
Name of publisher, distributor, etc. Walter H. Baker Company
Date of publication, distribution, etc. [c1935]
300 ## - PHYSICAL DESCRIPTION
Extent 19 p.
Dimensions 19 cm.
490 0# - SERIES STATEMENT
Series statement Bakers̕ specialties

No items available.

Powered by Koha